000
00292nam a2200121Ia 4500
008
191201s2014 xx 000 0 und d
100
_a
NCSL
245
0
_a
National Cyber Crime Reference Handbook
260
_a
N. Delhi
_b
NCSL
_c
2014
300
_a
380
650
_a
B.Tech(CSE)
942
_2
ddc
_c
BK
999
_c
6002
_d
6002